Advances in the Conceptualization of the Stress Process Essays in Honor of Leonard I. Pearlin /

The stress process paradigm has been one of the most dominant conceptual models of health and illness over the past three decades. The contributions to this volume chart a new course for the stress process, extending the paradigm conceptually, methodologically, and substantively. Written in honor of...

Πλήρης περιγραφή

Λεπτομέρειες βιβλιογραφικής εγγραφής
Συγγραφή απο Οργανισμό/Αρχή: SpringerLink (Online service)
Άλλοι συγγραφείς: Avison, William R. (Επιμελητής έκδοσης), Aneshensel, Carol S. (Επιμελητής έκδοσης), Schieman, Scott (Επιμελητής έκδοσης), Wheaton, Blair (Επιμελητής έκδοσης)
Μορφή: Ηλεκτρονική πηγή Ηλ. βιβλίο
Γλώσσα:English
Έκδοση: New York, NY : Springer New York, 2010.
Θέματα:
Διαθέσιμο Online:Full Text via HEAL-Link
LEADER 03904nam a22005415i 4500
001 978-1-4419-1021-9
003 DE-He213
005 20151204144146.0
007 cr nn 008mamaa
008 100301s2010 xxu| s |||| 0|eng d
020 |a 9781441910219  |9 978-1-4419-1021-9 
024 7 |a 10.1007/978-1-4419-1021-9  |2 doi 
040 |d GrThAP 
050 4 |a HM401-1281 
072 7 |a JHB  |2 bicssc 
072 7 |a SOC026000  |2 bisacsh 
082 0 4 |a 301  |2 23 
245 1 0 |a Advances in the Conceptualization of the Stress Process  |h [electronic resource] :  |b Essays in Honor of Leonard I. Pearlin /  |c edited by William R. Avison, Carol S. Aneshensel, Scott Schieman, Blair Wheaton. 
264 1 |a New York, NY :  |b Springer New York,  |c 2010. 
300 |a XIV, 261 p.  |b online resource. 
336 |a text  |b txt  |2 rdacontent 
337 |a computer  |b c  |2 rdamedia 
338 |a online resource  |b cr  |2 rdacarrier 
347 |a text file  |b PDF  |2 rda 
505 0 |a Conceptual and Methodological Developments -- Understanding Health Disparities: The Promise of the Stress Process Model -- Compensatory Coping with Stressors -- Neighborhood as a Social Context of the Stress Process -- Suppression Effects in Social Stress Research and Their Implications for the Stress Process Model -- Stress Processes in Social Roles and Contexts: Family and Work -- Family Structure and Women’s Lives: A Life Course Perspective -- The Stress Process Model: Some Family-Level Considerations -- Linking Early Family Adversity to Young Adult Mental Disorders -- Work, Family, and Their Intersection -- Psychosocial Concepts and Processes -- Sense of Mattering in Late Life -- It’s Tough to Cope in Rural Mali: Financial Coping Style, Mastery, Self Confidence, and Anxiety in a Bad and Worsening Socioeconomic Environment -- Stress Valuation and the Experience of Parenting Stress in Late Life -- Stress Process Applications in Child Victimization Research -- The Evolution of the Stress Process Paradigm -- The Stress Process as a Successful Paradigm. 
520 |a The stress process paradigm has been one of the most dominant conceptual models of health and illness over the past three decades. The contributions to this volume chart a new course for the stress process, extending the paradigm conceptually, methodologically, and substantively. Written in honor of Leonard I. Pearlin, the leading proponent of the stress process, the contributions to this volume provide a new direction for stress process research. Featuring contributions from leading researchers, and an afterword by Leonard I. Pearlin, this comprehensive volume covers three major sections: -Conceptual and methodological extensions of the stress process -The roles of family and work in the stress process, throughout the life course - Psychosocial factors that impact health outcomes This volume will be an invaluable resource for researchers in sociology, social psychology and public health, all seeking to understand the pervasive role of stress on social disparities in health and illness. 
650 0 |a Social sciences. 
650 0 |a Public health. 
650 0 |a Medical research. 
650 0 |a Sociology. 
650 0 |a Quality of life. 
650 0 |a Personality. 
650 0 |a Social psychology. 
650 1 4 |a Social Sciences. 
650 2 4 |a Sociology, general. 
650 2 4 |a Personality and Social Psychology. 
650 2 4 |a Quality of Life Research. 
650 2 4 |a Public Health. 
700 1 |a Avison, William R.  |e editor. 
700 1 |a Aneshensel, Carol S.  |e editor. 
700 1 |a Schieman, Scott.  |e editor. 
700 1 |a Wheaton, Blair.  |e editor. 
710 2 |a SpringerLink (Online service) 
773 0 |t Springer eBooks 
776 0 8 |i Printed edition:  |z 9781441910202 
856 4 0 |u http://dx.doi.org/10.1007/978-1-4419-1021-9  |z Full Text via HEAL-Link 
912 |a ZDB-2-SHU 
950 |a Humanities, Social Sciences and Law (Springer-11648)